[Event "Turkish Cup 2016"]
[Site "Manavgat TUR"]
[Date "2016.02.05"]
[Round "10.17"]
[White "Percin, Onder"]
[Black "Kucuk, Dogan"]
[Result "1/2-1/2"]
[WhiteElo "1944"]
[BlackElo "2066"]
[WhiteTeam "HATAY"]
[BlackTeam "ANTALYA"]
[WhiteFideId "6345190"]
[BlackFideId "6312985"]
[EventDate "2016.01.30"]

1. e4 d5 2. exd5 Nf6 3. d4 Bg4 4. Be2 Bxe2 5. Qxe2 Nxd5 6. Nf3 c6 7. O-O e6 8.
c4 Nf6 9. Nc3 Be7 10. h3 O-O 11. Bf4 a6 12. Rad1 Re8 13. Ne5 Qc8 14. Qf3 Nbd7
15. Rfe1 Bb4 16. a3 Bf8 17. Bg5 Be7 18. Ne4 Nxe5 19. dxe5 Nxe4 20. Bxe7 Rxe7 21.
Rxe4 Qc7 22. Rd6 f6 23. c5 fxe5 24. Rxe5 Rf8 25. Qb3 Rf6 26. Rexe6 Rfxe6 27.
Rxe6 Rxe6 28. Qxe6+ Kf8 29. Qf5+ Kg8 30. g3 Qe7 31. Kg2 g6 32. Qc2 Qe6 33. b3
Qd5+ 34. f3 Qe5 35. a4 Kg7 36. h4 Qd4 37. Qc1 Qe5 38. Qc4 Qb2+ 39. Kh3 Qa1 40.
Qe6 h5 41. Qe7+ 1/2-1/2

[Event "Turkish Cup 2016"]
[Site "Manavgat TUR"]
[Date "2016.02.05"]
[Round "10.18"]
[White "Dalgar, Hakki Berat"]
[Black "Akdogan, Alperen"]
[Result "0-1"]
[WhiteTitle "CM"]
[WhiteElo "1982"]
[BlackElo "2114"]
[WhiteTeam "KARAMAN"]
[BlackTeam "ISTANBUL"]
[WhiteFideId "6347444"]
[BlackFideId "6347363"]
[EventDate "2016.01.30"]

1. d4 d5 2. Nf3 Nf6 3. c4 e6 4. Qc2 Be7 5. g3 O-O 6. Bg2 dxc4 7. Qxc4 a6 8. O-O
b5 9. Qc2 Bb7 10. Bd2 Be4 11. Qc1 Nc6 12. e3 b4 13. Ne5 Bxg2 14. Nxc6 Bxc6 15.
Qxc6 a5 16. Rc1 Bd6 17. e4 e5 18. Be3 Ng4 19. Nd2 exd4 20. Bxd4 Bxg3 21. Nf3
Nxh2 22. e5 Nxf3+ 23. Qxf3 Qxd4 24. Qxg3 Ra6 25. Rd1 Qxb2 26. Kf1 Rh6 27. Qf3
Qxe5 28. Rac1 Re8 29. Rd5 Qh2 30. Rcc5 Rhe6 31. Rc1 Rg6 32. Qxf7+ 0-1

[Event "Turkish Cup 2016"]
[Site "Manavgat TUR"]
[Date "2016.02.05"]
[Round "10.19"]
[White "Gulbeyaz, Emir"]
[Black "Kilic, Efe Mert"]
[Result "1/2-1/2"]
[WhiteElo "1936"]
[BlackElo "1998"]
[WhiteTeam "KARAMAN"]
[BlackTeam "KOCAELI"]
[WhiteFideId "6377076"]
[BlackFideId "6354327"]
[EventDate "2016.01.30"]

1. e4 c5 2. Nf3 Nc6 3. d4 cxd4 4. Nxd4 e5 5. Nb5 d6 6. N1c3 a6 7. Na3 b5 8. Nd5
Nf6 9. Bg5 Be7 10. Bxf6 Bxf6 11. c3 O-O 12. Nc2 Rb8 13. Nce3 Bg5 14. Be2 Be6 15.
O-O Bxe3 16. Nxe3 Ne7 17. Qc2 Qb6 18. Rfd1 Rfd8 19. Bf3 b4 20. c4 Nc6 21. Qd3
Nd4 22. b3 a5 23. Bg4 Bxg4 24. Nxg4 a4 25. Ne3 Ra8 26. Nf5 Nxf5 27. exf5 f6 28.
Qd5+ Kf8 29. Rac1 Qc5 30. Qf3 axb3 31. axb3 Ra5 32. Rd5 Qc7 33. Rcd1 Ke7 34. h4
Rxd5 35. Qxd5 Qc5 36. Qe6+ Kf8 37. Rd5 Qc7 38. g4 h6 39. h5 Qb8 40. Rb5 Qa8 41.
Rd5 Qa1+ 42. Kg2 Qe1 43. Rxd6 Qe4+ 44. Kf1 Qb1+ 45. Ke2 Qe4+ 46. Kf1 1/2-1/2

[Event "Turkish Cup 2016"]
[Site "Manavgat TUR"]
[Date "2016.02.05"]
[Round "10.20"]
[White "Gulden, Egemen"]
[Black "Yelligedik, Murat"]
[Result "1-0"]
[WhiteElo "2229"]
[BlackElo "1936"]
[WhiteTeam "IZMIR"]
[BlackTeam "BURDUR"]
[WhiteFideId "6324983"]
[BlackFideId "6366457"]
[EventDate "2016.01.30"]

1. e4 c5 2. Nc3 Nc6 3. g3 g6 4. Bg2 Bg7 5. d3 d6 6. Be3 Nf6 7. h3 O-O 8. Qd2 Nd4
9. Nge2 Ne8 10. Nd1 e5 11. Nc1 Qf6 12. f4 exf4 13. Bxf4 g5 14. Bxg5 Nxc2+ 15.
Qxc2 Qxg5 16. Ne2 Nc7 17. O-O Nb5 18. h4 Qh6 19. Nf4 Nd4 20. Qf2 Ne6 21. Nd5 Bd4
22. N1e3 f5 23. exf5 Nc7 24. g4 Nxd5 25. Bxd5+ Kh8 26. Rae1 Qg7 27. Kh1 Bd7 28.
Qf3 Bc6 29. Bxc6 bxc6 30. g5 Rae8 31. f6 Qf7 32. Nf5 Rxe1 33. Rxe1 Re8 34. Rxe8+
Qxe8 35. Nxd4 Qe1+ 36. Kg2 cxd4 37. f7 Qd2+ 38. Kh3 1-0

[Event "Turkish Cup 2016"]
[Site "Manavgat TUR"]
[Date "2016.02.05"]
[Round "10.21"]
[White "Metin, Mehmet"]
[Black "Aydin, Hasan Bora"]
[Result "1-0"]
[WhiteElo "2149"]
[BlackElo "1956"]
[WhiteTeam "ORDU"]
[BlackTeam "ISTANBUL"]
[WhiteFideId "6303730"]
[BlackFideId "6336612"]
[EventDate "2016.01.30"]

1. e4 c5 2. Nf3 d6 3. c3 Nf6 4. Be2 g6 5. O-O Bg7 6. h3 O-O 7. d3 a6 8. a4 Nc6
9. Be3 Qc7 10. Nbd2 Rb8 11. d4 cxd4 12. cxd4 d5 13. e5 Ne4 14. Nxe4 dxe4 15. Ng5
Nxe5 16. dxe5 Qxe5 17. Rc1 b6 18. Qd2 Bb7 19. Bf4 Qxb2 20. Qxb2 Bxb2 21. Rb1 e5
22. Rxb2 exf4 23. Rxb6 Bd5 24. Rxb8 Rxb8 25. Rd1 Bc6 26. Rd6 Bxa4 27. Nxe4 Bb5
28. Bxb5 axb5 29. Rd3 Kg7 30. Rb3 b4 31. Nc5 g5 32. Nd3 Rd8 33. Kf1 f5 34. Ke2
Kf6 35. Rxb4 Rd6 36. Ra4 h5 37. f3 Rc6 38. h4 Rc2+ 39. Kf1 gxh4 40. Nxf4 Rb2 41.
Nh3 Rc2 42. Rxh4 Kg6 43. Rb4 1-0

[Event "Turkish Cup 2016"]
[Site "Manavgat TUR"]
[Date "2016.02.05"]
[Round "10.22"]
[White "Karagollu, Ahmet"]
[Black "Gazioglu, Halit"]
[Result "1-0"]
[WhiteElo "2113"]
[BlackElo "1898"]
[WhiteTeam "IZMIR"]
[BlackTeam "GAZIANTEP"]
[WhiteFideId "6307825"]
[BlackFideId "6301932"]
[EventDate "2016.01.30"]

1. e4 e5 2. d4 exd4 3. Qxd4 Nc6 4. Qe3 g6 5. Nc3 Bg7 6. Bd2 Nge7 7. O-O-O O-O 8.
Bc4 a6 9. Nf3 b5 10. Bb3 Na5 11. Nd5 Nxd5 12. exd5 Re8 13. Qd3 Nc4 14. Bxc4 bxc4
15. Qxc4 a5 16. Rhe1 Rxe1 17. Rxe1 Ba6 18. Qe4 Qb8 19. c3 a4 20. Nd4 h6 21. Nc2
Bb7 22. Nb4 Qa7 23. Be3 Qa5 24. Bd4 a3 25. b3 Bxd4 26. Qxd4 c5 27. dxc6 Bxc6 28.
Nxc6 dxc6 29. Qe5 Qb6 30. Qe3 Qa5 31. Rd1 Qf5 32. f3 Kh7 33. g4 Qf6 34. Rd7 c5
35. f4 c4 36. b4 Kg8 37. Rd4 Qh4 38. h3 Rc8 39. Kc2 Kf8 40. Re4 Kg8 41. Re8+
Rxe8 42. Qxe8+ Kg7 43. Qe3 Kh7 44. b5 Qf6 45. Qe4 Qb6 46. Qxc4 h5 47. Qxf7+ Kh8
48. gxh5 gxh5 49. Qxh5+ Kg7 50. Qe5+ Kg8 51. Kb3 Qa5 52. f5 Kh7 53. f6 Kg6 54.
h4 Qd8 55. Qg5+ 1-0

[Event "Turkish Cup 2016"]
[Site "Manavgat TUR"]
[Date "2016.02.05"]
[Round "10.23"]
[White "Gulsoy, Mustafa Alpago"]
[Black "Metin, Oguz"]
[Result "1/2-1/2"]
[WhiteElo "1957"]
[BlackElo "2134"]
[WhiteTeam "KARAMAN"]
[BlackTeam "BURDUR"]
[WhiteFideId "6337074"]
[BlackFideId "6307850"]
[EventDate "2016.01.30"]

1. e4 c5 2. c3 d5 3. exd5 Qxd5 4. d4 g6 5. Be3 cxd4 6. cxd4 Bg7 7. Nc3 Qd8 8.
Nf3 Nh6 9. Bb5+ Bd7 10. Bxh6 Bxh6 11. Qb3 O-O 12. Bxd7 Qxd7 13. O-O Nc6 14. d5
Na5 15. Qb4 b6 16. Rfe1 Rfe8 17. Ne5 Qd6 18. Qh4 Bg7 19. Nxf7 Kxf7 20. Re6 Qd7
21. Qxh7 Rh8 22. Qxg6+ Kg8 23. Rae1 Re8 24. Ne4 Rf8 25. Qg3 Qxd5 26. Rxe7 Qd4
27. Qg4 Rh6 28. Re6 Kh8 29. Rxh6+ Bxh6 30. Qh5 Kg7 31. Qg4+ Kh8 32. Qh5 Kg7 1/2-1/2

[Event "Turkish Cup 2016"]
[Site "Manavgat TUR"]
[Date "2016.02.05"]
[Round "10.24"]
[White "Bircan, Selim"]
[Black "Zor, Alber Kadir"]
[Result "0-1"]
[WhiteElo "1968"]
[BlackElo "2134"]
[WhiteTeam "KONYA"]
[BlackTeam "ANKARA"]
[WhiteFideId "6315569"]
[BlackFideId "6353169"]
[EventDate "2016.01.30"]

1. d4 Nf6 2. c4 g6 3. Nc3 Bg7 4. e4 d6 5. Be2 O-O 6. Nf3 e5 7. Be3 Ng4 8. Bg5 f6
9. Bh4 g5 10. Bg3 Nh6 11. c5 g4 12. Nh4 Nc6 13. d5 Nd4 14. cxd6 cxd6 15. O-O Bd7
16. Kh1 b5 17. Bd3 Rc8 18. Ne2 Nxe2 19. Qxe2 b4 20. Bb5 Bxb5 21. Qxb5 Qb6 22.
Qe2 Rf7 23. f3 Rfc7 24. Bf2 Qb8 25. fxg4 Rc2 26. Qf3 Rxb2 27. Be3 Rc3 28. Rac1
Qc8 29. Bxh6 Bxh6 30. Rxc3 bxc3 31. Qxf6 Bf8 32. g5 c2 33. g6 Bg7 34. gxh7+ Kh8
35. Qf7 Rb1 0-1

[Event "Turkish Cup 2016"]
[Site "Manavgat TUR"]
[Date "2016.02.05"]
[Round "10.25"]
[White "Tepe, Efe Can"]
[Black "Camci, Ali Ammar"]
[Result "1-0"]
[WhiteElo "1887"]
[BlackElo "2074"]
[WhiteTeam "ANKARA"]
[BlackTeam "SAKARYA"]
[WhiteFideId "6348297"]
[BlackFideId "6305130"]
[EventDate "2016.01.30"]

1. e4 c5 2. Nf3 Nc6 3. Bb5 Qa5 4. Bxc6 bxc6 5. O-O g6 6. d3 Bg7 7. Nbd2 Nf6 8.
Re1 O-O 9. h3 Ba6 10. Qe2 d6 11. e5 Nd5 12. c4 Nf4 13. Qe4 dxe5 14. Nb3 f5 15.
Qe3 Qd8 16. Nxe5 g5 17. Nxc5 Bc8 18. h4 Qd6 19. hxg5 Nxg2 20. Kxg2 f4 21. Qe4
Qxc5 22. d4 f3+ 23. Kg3 Qd6 24. Bf4 c5 25. Qxa8 Rxf4 26. Kxf4 Qxd4+ 27. Kxf3
Bxe5 28. Qxc8+ Kg7 29. Qf5 Bd6 30. Rad1 1-0

[Event "Turkish Cup 2016"]
[Site "Manavgat TUR"]
[Date "2016.02.05"]
[Round "10.26"]
[White "Gundogan, Cem"]
[Black "Ozen, Batuhan"]
[Result "1/2-1/2"]
[WhiteElo "2076"]
[BlackElo "1921"]
[WhiteTeam "KOCAELI"]
[BlackTeam "DENIZLI"]
[WhiteFideId "6311032"]
[BlackFideId "6345123"]
[EventDate "2016.01.30"]

1. Nf3 c5 2. c4 Nf6 3. d4 cxd4 4. Nxd4 Nc6 5. Nc3 g6 6. Nc2 Bg7 7. e4 O-O 8. Be2
d6 9. O-O Nd7 10. f4 Nc5 11. Bf3 a5 12. Be3 Be6 13. Na3 Rc8 14. Qd2 f5 15. e5 1/2-1/2

[Event "Turkish Cup 2016"]
[Site "Manavgat TUR"]
[Date "2016.02.05"]
[Round "10.27"]
[White "Ozveren, Ali Bulent"]
[Black "Temizkan, Denizcan"]
[Result "0-1"]
[BlackTitle "FM"]
[WhiteElo "1953"]
[BlackElo "2002"]
[WhiteTeam "BOLU"]
[BlackTeam "HATAY"]
[WhiteFideId "6303188"]
[BlackFideId "6325157"]
[EventDate "2016.01.30"]

1. Nf3 d5 2. c4 c6 3. d4 Nf6 4. Nc3 e6 5. g3 Be7 6. Bg2 O-O 7. O-O dxc4 8. Ne5
Nbd7 9. Nxc4 Nd5 10. Ne4 Qc7 11. Qc2 b6 12. Ng5 N7f6 13. e4 Nb4 14. Qb1 h6 15.
a3 Na6 16. Bf4 Qd7 17. Ne5 Qe8 18. Nh3 Bb7 19. g4 c5 20. g5 hxg5 21. Nxg5 Nh5
22. Nexf7 Nxf4 23. d5 Rxf7 0-1

[Event "Turkish Cup 2016"]
[Site "Manavgat TUR"]
[Date "2016.02.05"]
[Round "10.28"]
[White "Ibik, Halit Yavuz"]
[Black "Esen, Nejdet"]
[Result "0-1"]
[WhiteElo "1843"]
[BlackElo "2058"]
[WhiteTeam "ANKARA"]
[BlackTeam "YALOVA"]
[WhiteFideId "6336108"]
[BlackFideId "6305644"]
[EventDate "2016.01.30"]

1. e4 c5 2. Nf3 Nc6 3. Bb5 g6 4. O-O Bg7 5. d3 e5 6. Bxc6 dxc6 7. Nbd2 Bg4 8. h3
Bxf3 9. Qxf3 Nf6 10. Nc4 Qc7 11. Bd2 Nd7 12. Qg3 b5 13. Ne3 O-O 14. Nf5 Bf6 15.
Bh6 Kh8 16. Bxf8 gxf5 17. Bh6 f4 18. Qf3 Rg8 19. g4 Bh4 20. Kh1 Rg6 21. g5 f6
22. Rg1 fxg5 23. Bxg5 Bxg5 24. Qg4 Bf6 25. Qh5 Kg7 26. Rg4 Nf8 27. Rag1 Qd7 28.
a3 a5 29. R4g2 Qd4 30. b3 Qb2 31. f3 Qxa3 32. Qf5 c4 33. d4 Qd6 34. dxe5 Qxe5
35. bxc4 Qxf5 36. exf5 Rxg2 37. Rxg2+ Kf7 38. cxb5 cxb5 39. Rd2 a4 40. c4 b4 41.
c5 a3 42. c6 Be5 43. Rc2 b3 44. c7 Bxc7 0-1

[Event "Turkish Cup 2016"]
[Site "Manavgat TUR"]
[Date "2016.02.05"]
[Round "10.29"]
[White "Olcum, Ahmet"]
[Black "Taskaya, Muhammed"]
[Result "1/2-1/2"]
[WhiteElo "2013"]
[BlackElo "1911"]
[WhiteTeam "KARAMAN"]
[BlackTeam "KARAMAN"]
[WhiteFideId "6311393"]
[BlackFideId "6363865"]
[EventDate "2016.01.30"]

1. Nf3 Nf6 2. g3 d5 3. Bg2 Nbd7 4. O-O e5 5. d3 Bd6 6. Nbd2 O-O 7. e4 dxe4 8.
dxe4 c6 9. Nh4 Nc5 10. Nf5 Bc7 11. Qe2 Bxf5 12. exf5 Qd7 13. Bh3 Rad8 14. Nc4
Nd5 15. Ne3 Rfe8 16. Rd1 Qe7 17. Qc4 Nb6 18. Qg4 Rxd1+ 19. Nxd1 Nd5 20. Bh6 f6
21. Bg2 Rd8 22. h4 Bb6 23. c4 Nb4 24. a3 Nc2 25. Rc1 Nd4 26. b4 Ncb3 27. Rb1
Nxf5 28. Qxf5 gxh6 29. Rxb3 Rxd1+ 30. Kh2 Rd4 31. c5 Bc7 32. b5 cxb5 33. Rxb5 b6
34. c6 e4 35. Rd5 Rxd5 36. Qxd5+ Kf8 37. Bxe4 Qe5 38. Qd7 Qe7 39. Qf5 Be5 40.
Bd5 a5 41. Qg4 Ke8 42. Qc8+ Qd8 43. Qe6+ Qe7 44. Qg8+ Qf8 45. Qxh7 Qe7 46. Qg8+
Qf8 47. Qg4 f5 48. Qg6+ Kd8 49. a4 f4 50. Bg2 fxg3+ 51. fxg3 Qf6 52. Qg4 Qe7 53.
Bh3 Kc7 54. Qc8+ Kd6 55. Qg4 Kxc6 56. Qg6+ Qd6 57. Qe8+ Kc5 58. Qb5+ Kd4 59.
Qb2+ Ke3 60. Qb3+ Kf2 61. Qc2+ Ke3 62. Qb3+ Kf2 63. Qf7+ Ke3 64. Qg8 Kf2 65.
Qa2+ Ke3 66. Kg2 Qc6+ 67. Kh2 Qd6 68. Qg2 Qd2 69. Qxd2+ Kxd2 70. Bd7 Ke3 71. Kg2
Ke4 72. Kh3 Bd6 73. Kg4 Kd5 74. Kf3 Ke5 75. g4 Kf6 76. Bb5 Bb4 77. Kf4 Bd2+ 78.
Kg3 Be1+ 79. Kh3 Bf2 1/2-1/2

[Event "Turkish Cup 2016"]
[Site "Manavgat TUR"]
[Date "2016.02.05"]
[Round "10.30"]
[White "Karayel, Atagun"]
[Black "Kilic, Ihsan"]
[Result "1-0"]
[WhiteElo "1919"]
[BlackElo "2061"]
[WhiteTeam "KARAMAN"]
[BlackTeam "MERSIN"]
[WhiteFideId "6305318"]
[BlackFideId "6305334"]
[EventDate "2016.01.30"]

1. c4 e5 2. Nc3 d6 3. g3 g6 4. d4 Nd7 5. Nf3 Bg7 6. Bg2 Ne7 7. O-O O-O 8. dxe5
dxe5 9. e4 c6 10. Bg5 h6 11. Be3 Qc7 12. Bh3 Nb6 13. Bxc8 Qxc8 14. b3 Qe6 15.
Qc1 Kh7 16. Qa3 Nbc8 17. c5 f5 18. exf5 Nxf5 19. Rad1 Nfe7 20. Qb4 b5 21. Qe4 a5
22. Nd4 Qf6 23. Ndxb5 Nf5 24. Rd7 cxb5 25. Qxa8 Nxe3 26. Ne4 Qf5 27. Qb7 Qxd7
28. Qxd7 Nxf1 29. Kxf1 b4 30. Kg2 g5 31. c6 Nb6 32. Qd3 Kh8 33. Qb5 1-0

[Event "Turkish Cup 2016"]
[Site "Manavgat TUR"]
[Date "2016.02.05"]
[Round "10.31"]
[White "Dogdu, Mehmet"]
[Black "Bal, Enes Emre"]
[Result "1/2-1/2"]
[WhiteElo "2043"]
[BlackElo "1978"]
[WhiteTeam "KONYA"]
[BlackTeam "KARAMAN"]
[WhiteFideId "6315623"]
[BlackFideId "6325866"]
[EventDate "2016.01.30"]

1. e4 c5 2. Nf3 g6 3. c4 Bg7 4. d4 cxd4 5. Nxd4 Nc6 6. Be3 Nf6 7. Nc3 O-O 8. Be2
d6 9. O-O Bd7 10. Rc1 Nxd4 11. Bxd4 Bc6 12. f4 e5 13. fxe5 Nxe4 14. Nxe4 Bxe4
15. exd6 Qxd6 16. Bxg7 Qxd1 17. Rcxd1 Kxg7 18. Rd7 Bc6 19. Rc7 Rac8 20. Rfxf7+
Rxf7 21. Rxc8 Rd7 22. Bf1 a5 23. Re8 Rd1 24. Re7+ Kf6 25. Re2 Kf5 26. Kf2 Be4
27. Re3 Rd2+ 28. Re2 Rd1 29. Re3 Rd2+ 30. Re2 Rd1 31. g3 Bd3 1/2-1/2

[Event "Turkish Cup 2016"]
[Site "Manavgat TUR"]
[Date "2016.02.05"]
[Round "10.32"]
[White "Samani, Yamac"]
[Black "Benk, Tolga Tugay"]
[Result "1-0"]
[WhiteElo "2076"]
[BlackElo "1863"]
[WhiteTeam "K.K.T.C."]
[BlackTeam "KARAMAN"]
[WhiteFideId "6352634"]
[BlackFideId "6309488"]
[EventDate "2016.01.30"]

1. e4 c6 2. d4 d5 3. Nc3 dxe4 4. Nxe4 Nf6 5. Nxf6+ gxf6 6. c3 Bf5 7. Nf3 e6 8.
g3 Qd5 9. Bg2 Qc4 10. Nh4 Qd3 11. Nxf5 Qxf5 12. Qb3 b6 13. O-O Bd6 14. Re1 O-O
15. a4 Rc8 16. Re4 Qg6 17. Rxe6 1-0

[Event "Turkish Cup 2016"]
[Site "Manavgat TUR"]
[Date "2016.02.05"]
[Round "10.33"]
[White "Tasdogen, Dincer"]
[Black "Kucukdogerli, Murat Can"]
[Result "1-0"]
[WhiteElo "1984"]
[BlackElo "1888"]
[WhiteTeam "ANTALYA"]
[BlackTeam "ANKARA"]
[WhiteFideId "6367097"]
[BlackFideId "6341071"]
[EventDate "2016.01.30"]

1. e4 e6 2. d4 d5 3. e5 c5 4. c3 Nc6 5. Nf3 Qb6 6. a3 Nh6 7. b4 cxd4 8. cxd4 Nf5
9. Bb2 Be7 10. h4 h5 11. Bd3 g6 12. Bxf5 exf5 13. Nc3 Be6 14. O-O O-O 15. Bc1 a5
16. b5 Na7 17. a4 Qd8 18. Bg5 Nc8 19. Qc1 Bxg5 20. Nxg5 Nb6 21. Ne2 Qe7 22. Nf4
Rfc8 23. Qe3 Nc4 24. Qd3 Qe8 25. Ra2 Rc7 26. Qg3 Kg7 27. Nxh5+ Kf8 28. Nh7+ 1-0

[Event "Turkish Cup 2016"]
[Site "Manavgat TUR"]
[Date "2016.02.05"]
[Round "10.34"]
[White "Guven, Oguz Kagan"]
[Black "Kesgin, Halit Kaan"]
[Result "1/2-1/2"]
[WhiteElo "1854"]
[BlackElo "1893"]
[WhiteTeam "IZMIR"]
[BlackTeam "IZMIR"]
[WhiteFideId "6325297"]
[BlackFideId "6349137"]
[EventDate "2016.01.30"]

1. Nf3 d5 2. g3 c5 3. Bg2 Nc6 4. d4 Nf6 5. O-O e6 6. c4 dxc4 7. Qa4 cxd4 8. Nxd4
Qxd4 9. Bxc6+ Bd7 10. Bxd7+ Qxd7 11. Qxc4 Rc8 12. Qb3 Bc5 13. Nc3 O-O 14. Bg5
Ng4 15. Rad1 Qc6 16. Qa4 1/2-1/2

[Event "Turkish Cup 2016"]
[Site "Manavgat TUR"]
[Date "2016.02.05"]
[Round "10.35"]
[White "Yazici, Ugur Doga"]
[Black "Elalmis, Husamettin"]
[Result "1-0"]
[WhiteElo "1965"]
[BlackElo "1731"]
[WhiteTeam "ANKARA"]
[BlackTeam "ANKARA"]
[WhiteFideId "6363342"]
[BlackFideId "6318002"]
[EventDate "2016.01.30"]

1. e4 c5 2. Nf3 d6 3. Nc3 Nf6 4. e5 Ng8 5. Bc4 e6 6. exd6 Bxd6 7. d4 cxd4 8.
Qxd4 Nf6 9. Nb5 Ke7 10. Bf4 Bxf4 11. Qxf4 Na6 12. Rd1 Qa5+ 13. c3 Rd8 14. O-O
Bd7 15. b4 Qb6 16. Rd6 Bc6 17. Re1 Kf8 18. Nbd4 Qc7 19. Rxd8+ Rxd8 20. Ne5 Nd5
21. Nxe6+ Kg8 22. Bxd5 1-0

[Event "Turkish Cup 2016"]
[Site "Manavgat TUR"]
[Date "2016.02.05"]
[Round "10.36"]
[White "Cam, Vedat"]
[Black "Yigit, Ahmet Yasir"]
[Result "1/2-1/2"]
[WhiteElo "1857"]
[BlackElo "1961"]
[WhiteTeam "BITLIS"]
[BlackTeam "BURSA"]
[WhiteFideId "6383424"]
[BlackFideId "6356478"]
[EventDate "2016.01.30"]

1. Nf3 d5 2. d4 Nf6 3. Bf4 e6 4. e3 Bd6 5. Bxd6 Qxd6 6. c3 O-O 7. Nbd2 c5 8. Ne5
Nc6 9. f4 Nd7 10. Bd3 f5 11. Ndf3 Ndxe5 12. fxe5 Qe7 13. Qd2 Bd7 14. h4 c4 15.
Bc2 b5 16. b3 Qa3 17. O-O Rac8 18. Qc1 Qe7 19. b4 a5 20. a3 Ra8 21. Qd2 h6 22.
Qf2 Be8 23. Nh2 Bh5 24. Bd1 Bxd1 25. Rfxd1 Ra7 26. Nf3 axb4 27. axb4 Rfa8 28.
Qb2 Qb7 29. Ne1 Qe7 30. Rxa7 Qxa7 31. Nc2 Qa2 32. Rb1 Qxb2 33. Rxb2 Kf7 34. Kf2
Ne7 35. g3 g5 36. h5 g4 37. Ke2 Nc8 38. Kd2 Nb6 39. Rb1 Ke7 40. Ra1 Na4 41. Ne1
Kd7 42. Ng2 Kc7 43. Nf4 Ra6 44. Kc2 Kb7 45. Ng6 Ra8 46. Nf4 Ra6 47. Ng6 Kc7 48.
Nh8 Ra8 49. Ng6 Kd7 50. Nf4 Re8 51. Ra2 Kc6 52. Ra3 Kd7 53. Ra2 Ke7 54. Ng6+ Kf7
55. Nf4 Re7 56. Ra1 Rb7 57. Ra2 Ra7 58. Ra1 Rb7 59. Rf1 Nb6 60. Ra1 1/2-1/2

[Event "Turkish Cup 2016"]
[Site "Manavgat TUR"]
[Date "2016.02.05"]
[Round "10.37"]
[White "Erdogan, Hakan"]
[Black "Ozbay, Ece"]
[Result "1-0"]
[WhiteTitle "FM"]
[BlackTitle "WCM"]
[WhiteElo "2170"]
[BlackElo "1742"]
[WhiteTeam "ISTANBUL"]
[BlackTeam "MANISA"]
[WhiteFideId "6300359"]
[BlackFideId "6351743"]
[EventDate "2016.01.30"]

1. d4 d5 2. c4 e6 3. Nc3 Nf6 4. Bg5 Nbd7 5. e3 c6 6. Nf3 Qa5 7. cxd5 exd5 8. Qb3
Be7 9. Bd3 O-O 10. O-O Re8 11. Rac1 Nf8 12. Ne5 Ng4 13. Bf4 Nxe5 14. Bxe5 Ng6
15. Bg3 Qd8 16. Nb5 Bh4 17. Bxg6 Bxg3 18. Bxf7+ Kxf7 19. fxg3+ Kg8 20. Na3 Qg5
21. Rf4 Qe7 22. e4 g5 23. Rff1 Qxe4 24. Nc2 Bf5 25. Qxb7 Rab8 26. Qxc6 Rb6 27.
Qc3 Rc8 28. Qd2 Rxb2 29. Qxg5+ Bg6 30. Ne3 Re8 31. Qxd5+ Qxd5 32. Nxd5 Ree2 33.
Nf4 Red2 34. Rfd1 Rxa2 35. d5 Be4 36. d6 Kf8 37. d7 Ke7 38. Rxd2 Rxd2 39. Re1
Rd4 40. d8=Q+ Rxd8 41. Rxe4+ Kf7 42. Ra4 Rd7 43. Kf2 Kf6 44. Ra6+ Kf7 45. Ke3
Kg8 46. Ke4 Kf7 47. g4 Kg8 48. g5 Kf7 49. Rh6 Kg8 50. Ne6 a5 51. Rf6 1-0

[Event "Turkish Cup 2016"]
[Site "Manavgat TUR"]
[Date "2016.02.05"]
[Round "10.39"]
[White "Yaran, Siar"]
[Black "Basaran, Cahit"]
[Result "1-0"]
[WhiteTitle "CM"]
[WhiteElo "2195"]
[BlackElo "1825"]
[WhiteTeam "KAHRAMANMARAS"]
[BlackTeam "ERZURUM"]
[WhiteFideId "6323006"]
[BlackFideId "6318380"]
[EventDate "2016.01.30"]

1. e4 e5 2. Nf3 Nc6 3. Bc4 Be7 4. O-O Nf6 5. d3 d6 6. a4 O-O 7. Re1 Bg4 8. c3 a6
9. Nbd2 Qd7 10. a5 Rab8 11. Nf1 Be6 12. Qc2 Bxc4 13. dxc4 b5 14. axb6 Rxb6 15.
Be3 Rb7 16. Rxa6 Nb8 17. Ra2 Qc6 18. N3d2 Ng4 19. b4 Nd7 20. b5 Nxe3 21. Nxe3
Qb6 22. Ra6 1-0

[Event "Turkish Cup 2016"]
[Site "Manavgat TUR"]
[Date "2016.02.05"]
[Round "10.40"]
[White "Yanik, Murat"]
[Black "Marasli, Tutku Kahraman"]
[Result "0-1"]
[WhiteElo "1785"]
[BlackElo "2145"]
[WhiteTeam "ZONGULDAK"]
[BlackTeam "KAYSERI"]
[WhiteFideId "6329942"]
[BlackFideId "6307493"]
[EventDate "2016.01.30"]

1. e4 c5 2. Nf3 g6 3. c3 Nc6 4. Be2 d5 5. exd5 Qxd5 6. d4 Bg7 7. Be3 cxd4 8.
cxd4 Nf6 9. Nc3 Qa5 10. h3 O-O 11. O-O a6 12. Qc1 Bf5 13. a3 Rac8 14. Rd1 Nd5
15. b4 Nxc3 16. Qxc3 Qd5 17. Bc4 Nxd4 18. Nxd4 Rxc4 19. Nxf5 Qxd1+ 20. Rxd1 Bxc3
21. Nxe7+ Kg7 22. Rc1 Re4 23. Nd5 Bb2 24. Rc7 Rd8 25. Nf4 Rd1+ 0-1

[Event "Turkish Cup 2016"]
[Site "Manavgat TUR"]
[Date "2016.02.05"]
[Round "10.41"]
[White "Kucuksari, Kaan"]
[Black "Celebi, Orhan"]
[Result "1-0"]
[WhiteElo "2200"]
[BlackElo "1845"]
[WhiteTeam "ANTALYA"]
[BlackTeam "SIIRT"]
[WhiteFideId "6380166"]
[BlackFideId "6306101"]
[EventDate "2016.01.30"]

1. d4 d5 2. Nf3 Nf6 3. c4 e6 4. g3 c5 5. cxd5 Nxd5 6. Bg2 cxd4 7. O-O Be7 8.
Nxd4 O-O 9. e4 Nb4 10. Nc3 N8c6 11. Be3 Nxd4 12. Bxd4 Nc6 13. Be3 e5 14. Nd5 Be6
15. Rc1 Bd6 16. Qd2 Qa5 17. Qxa5 Nxa5 18. Rfd1 Rfc8 19. Rxc8+ Bxc8 20. Nf6+ gxf6
21. Rxd6 Be6 22. b3 Nc6 23. f4 Kg7 24. f5 Bc8 25. g4 h6 26. Bf2 Ne7 27. Bf1 b6
28. Bc4 Rb8 29. Bh4 Ng8 30. Rd8 b5 31. Bd5 Ne7 32. Re8 Nxd5 33. exd5 a5 34. d6
Rb6 35. Rxc8 Rxd6 36. Rc2 Rd4 37. h3 a4 38. Rc6 Rd1+ 39. Kf2 Rd2+ 40. Ke3 axb3
41. Bxf6+ Kh7 42. Rc8 1-0

[Event "Turkish Cup 2016"]
[Site "Manavgat TUR"]
[Date "2016.02.05"]
[Round "10.42"]
[White "Donmez, Yusuf"]
[Black "Sat, Eray"]
[Result "1-0"]
[WhiteElo "2071"]
[BlackElo "1898"]
[WhiteTeam "KARAMAN"]
[BlackTeam "YALOVA"]
[WhiteFideId "6301967"]
[BlackFideId "6347967"]
[EventDate "2016.01.30"]

1. d4 Nf6 2. Nf3 c5 3. Nc3 cxd4 4. Qxd4 Nc6 5. Qh4 d6 6. e4 e6 7. Bg5 Be7 8.
O-O-O Qa5 9. Bb5 O-O 10. e5 dxe5 1-0